000 00963nam a2200205Ii 4500
003 JO-AjNU
008 230605s9999||||xx |||||||||||||| ||und||
017 _a2006/10/2876
040 _aJO-AjNU
_bara
_erda
_cJO-AjNU
041 _aara
050 1 4 _aHF5636.M81.2006
100 3 _aلجنة معايير المحاسبة الدولية,
_eauthor
_928453
245 0 0 _a المعايير الدولية لإعداد التقارير المالية 2006 متضمنة معايير المحاسبة الدولية والتفسيرات كما هي في 1 يناير 2006
264 3 1 _aعمان: جمعية المجمع العربي للمحاسبين القانونيين، 2006
300 _a2388ص
336 _atext
_btxt
_2rdacontent
337 _aunmediated
_bn
_2rdamedia
338 _avolume
_bnc
_2rdacarrier
650 4 _aالتقارير المالية -- معايير-- المحاسبة الدولية -- معايير-- مراجعة الحسابات
_928454
999 _aA11038
_c14606
_d14606